| 000 | 00566nam a22001937a 4500 | ||
|---|---|---|---|
| 008 | 150518b xxu||||| |||| 00| 0 eng d | ||
| 020 | _a9780073381534 | ||
| 020 | _a0073381535 | ||
| 041 | 1 | _aeng | |
| 080 | _a658.3 | ||
| 100 | 1 | _aLussier, Robert N. | |
| 245 | 1 | 0 |
_aHuman relations in organizations : _cRobert N. Lussier. |
| 250 | _a8th ed. | ||
| 260 |
_aBoston : _bMcGraw-Hill Irwin, _cc2010. |
||
| 300 |
_a642 f. : _bme il.; _c28 cm. |
||
| 650 | 0 | _aSjelljet organizative. | |
| 650 | 0 | _aLidhjet ndërpersonale. | |
| 942 |
_2udc _cBK |
||
| 999 |
_c810 _d810 |
||